Score 0/90 Timer 05:00
0 Plays Today
% Correct
Name the two films
99.6%
Happy Madison
99.6%
$10,000
99.6%
that Adam Sandler's
99.6%
Productions is
99.6%
named after.
99.6%
add the two numbers,
94.6%
After you get both films,
94.6%
then type in the sum.
94.6%
*Happy Gilmore (203)
94.2%
*Billy Madison (+134)
90.1%
$10,000
89.5%
Δ $10,000 WINNER Δ
89.5%
Name the three
89.5%
Pixar features
89.5%
released in 2008,
89.5%
2009, and 2010,
89.5%
respectively.
89.5%
Enter the three letter
84.4%
code when you're done.
84.4%
*Up (B)
78.6%
*Toy Story 3 (6)
78.3%
*Wall-E (J)
73.1%
Δ $10,000 WINNER Δ
69.1%
*Curse of the
66.1%
Black Pearl (D)
66.1%
*Dead Man's Chest (6)
64.9%
*At World's End (1)
63.7%
Δ $10,000 WINNER Δ
62.6%
Δ $30,000 TOTAL Δ
62.6%
% Correct
ΔΔΔΔΔΔΔΔΔΔΔΔΔΔΔΔΔΔΔΔ
61.5%
*Titanic, etc. (5)
61.5%
ΔΔΔΔΔΔΔΔΔΔΔΔΔΔΔΔΔΔΔΔ
60.6%
*Men in Black, etc. (U)
60.6%
ΔΔΔΔΔΔΔΔΔΔΔΔΔΔΔΔΔΔΔΔ
59.5%
*Gladiator, etc. (P)
59.5%
ΔΔΔΔΔΔΔΔΔΔΔΔΔΔΔΔΔΔΔΔ
59.3%
*Madagascar, etc. (Y)
59.3%
ΔΔΔΔΔΔΔΔΔΔΔΔΔΔΔΔΔΔΔΔ
56.4%
$$$$$$$$$$$$$$$$$$$$
56.4%
Δ $20,000 WINNER Δ
56.4%
Name an actor-actress
56.4%
nominee who did NOT
56.4%
win in each of the four
56.4%
acting categories at
56.4%
the 2011 Academy Awards.
56.4%
$20,000
56.4%
ΔΔΔΔΔΔΔΔΔΔΔΔΔΔΔΔΔΔΔΔ
31.3%
*Bardem, Franco, etc. (B)
31.3%
ΔΔΔΔΔΔΔΔΔΔΔΔΔΔΔΔΔΔΔΔ
28.9%
*Adams, Carter, etc. (9)
28.9%
ΔΔΔΔΔΔΔΔΔΔΔΔΔΔΔΔΔΔΔΔ
28.7%
*Bening, Kidman, etc. (7)
28.7%
ΔΔΔΔΔΔΔΔΔΔΔΔΔΔΔΔΔΔΔΔ
26.4%
*Hawkes, Rush, etc. (G)
26.4%
ΔΔΔΔΔΔΔΔΔΔΔΔΔΔΔΔΔΔΔΔ
22.9%
ΔΔΔΔΔΔΔΔΔΔΔΔΔΔΔΔΔΔΔΔ
22.9%
ΔΔΔΔΔΔΔΔΔΔΔΔΔΔΔΔΔΔΔΔ
22.9%
ΔΔΔΔΔΔΔΔΔΔΔΔΔΔΔΔΔΔΔΔ
22.9%
ΔΔΔΔΔΔΔΔΔΔΔΔΔΔΔΔΔΔΔΔ
22.9%
% Correct
ΔΔΔΔΔΔΔΔΔΔΔΔΔΔΔΔΔΔΔΔ
22.9%
ΔΔΔΔΔΔΔΔΔΔΔΔΔΔΔΔΔΔΔΔ
22.9%
ΔΔΔΔΔΔΔΔΔΔΔΔΔΔΔΔΔΔΔΔ
22.9%
ΔΔΔΔΔΔΔΔΔΔΔΔΔΔΔΔΔΔΔΔ
22.9%
ΔΔΔΔΔΔΔΔΔΔΔΔΔΔΔΔΔΔΔΔ
22.9%
ΔΔΔΔΔΔΔΔΔΔΔΔΔΔΔΔΔΔΔΔ
22.9%
ΔΔΔΔΔΔΔΔΔΔΔΔΔΔΔΔΔΔΔΔ
22.9%
ΔΔΔΔΔΔΔΔΔΔΔΔΔΔΔΔΔΔΔΔ
22.9%
$$$$$$$$$$$$$$$$$$$$
22.9%
↓↓ LOOK DOWN ↓↓
22.9%
Δ $70,000 TOTAL Δ
22.9%
↓↓ LOOK DOWN ↓↓
22.9%
ΔΔΔΔΔΔΔΔΔΔΔΔΔΔΔΔΔΔΔΔ
18.9%
ΔΔΔΔΔΔΔΔΔΔΔΔΔΔΔΔΔΔΔΔ
18.9%
*Any (Q)
18.9%
ΔΔΔΔΔΔΔΔΔΔΔΔΔΔΔΔΔΔΔΔ
18.8%
ΔΔΔΔΔΔΔΔΔΔΔΔΔΔΔΔΔΔΔΔ
18.8%
*Given (4)
18.7%
ΔΔΔΔΔΔΔΔΔΔΔΔΔΔΔΔΔΔΔΔ
18.7%
ΔΔΔΔΔΔΔΔΔΔΔΔΔΔΔΔΔΔΔΔ
18.7%
*Sunday (A)
18.6%
ΔΔΔΔΔΔΔΔΔΔΔΔΔΔΔΔΔΔΔΔ
18.3%
ΔΔΔΔΔΔΔΔΔΔΔΔΔΔΔΔΔΔΔΔ
18.3%
ΔΔΔΔΔΔΔΔΔΔΔΔΔΔΔΔΔΔΔΔ
18.3%
ΔΔΔΔΔΔΔΔΔΔΔΔΔΔΔΔΔΔΔΔ
18.3%
ΔΔΔΔΔΔΔΔΔΔΔΔΔΔΔΔΔΔΔΔ
18.3%
ΔΔΔΔΔΔΔΔΔΔΔΔΔΔΔΔΔΔΔΔ
18.3%
Δ WINNER Δ
18.3%
Δ $100,000 Δ
18.3%
Δ $30,000 WINNER Δ
18.3%
Remove Ads.
Support Sporcle.
Get the best of Sporcle when you Go Orange. This ad-free experience offers more features, more stats, and more fun while also helping to support Sporcle. Thank you for becoming a member.

You're not logged in!

Compare scores with friends on all Sporcle quizzes.
OR
Log In

Sporcle TV

Today on Sporcle TV


Watch our educational content, quiz creation guides, and fun videos on Sporcle TV.

Show Comments

Extras

Top Quizzes Today


Score Distribution

Paid Content

Your Account Isn't Verified!

In order to create a playlist on Sporcle, you need to verify the email address you used during registration. Go to your Sporcle Settings to finish the process.

Report this User

Report this user for behavior that violates our Community Guidelines.

Details: